Criminology & Penology with Victimology / (Record no. 7124)
[ view plain ]
| 000 -LEADER | |
|---|---|
| fixed length control field | 00725nam a22002417a 4500 |
| 003 - CONTROL NUMBER IDENTIFIER | |
| control field | BUBTL |
| 008 - FIXED-LENGTH DATA ELEMENTS--GENERAL INFORMATION | |
| fixed length control field | 231031b ||||| |||| 00| 0 eng d |
| 020 ## - INTERNATIONAL STANDARD BOOK NUMBER | |
| International Standard Book Number | 9789382676683 |
| 041 ## - LANGUAGE CODE | |
| Language code of text/sound track or separate title | eng |
| 082 ## - DEWEY DECIMAL CLASSIFICATION NUMBER | |
| Classification number | 364/ P2127c/ 2023 |
| 100 ## - MAIN ENTRY--PERSONAL NAME | |
| 9 (RLIN) | 4201 |
| Personal name | Paranjape, N. V |
| 245 ## - TITLE STATEMENT | |
| Title | Criminology & Penology with Victimology / |
| Statement of responsibility, etc. | N. V. Paranjape |
| 250 ## - EDITION STATEMENT | |
| Edition statement | 16th ed. |
| 260 ## - PUBLICATION, DISTRIBUTION, ETC. (IMPRINT) | |
| Place of publication, distribution, etc. | Allahabad : |
| Name of publisher, distributor, etc. | Central Law Publications, |
| Date of publication, distribution, etc. | c2023 |
| 300 ## - PHYSICAL DESCRIPTION | |
| Extent | xxviii, 939 p. : |
| Dimensions | 21.5 cm. |
| 500 ## - GENERAL NOTE | |
| General note | Includes Index |
| 505 ## - FORMATTED CONTENTS NOTE | |
| Formatted contents note | Criminology & Penology with Victimology, Criminology, Penology, Victimology |
| 526 ## - STUDY PROGRAM INFORMATION NOTE | |
| Program name | Law |
| 650 #0 - SUBJECT ADDED ENTRY--TOPICAL TERM | |
| 9 (RLIN) | 26 |
| Topical term or geographic name as entry element | Law |
| 856 ## - ELECTRONIC LOCATION AND ACCESS | |
| Password | 0 |
| Logon | 0 |
| Link text | Download |
| 942 ## - ADDED ENTRY ELEMENTS (KOHA) | |
| Source of classification or shelving scheme | |
| Koha item type | Books |
| Withdrawn status | Lost status | Source of classification or shelving scheme | Damaged status | Not for loan | Collection code | Permanent location | Current location | Shelving location | Date acquired | Inventory number | Total Checkouts | Full call number | Barcode | Date last seen | Copy number | Price effective from | Koha item type | Date last checked out |
|---|---|---|---|---|---|---|---|---|---|---|---|---|---|---|---|---|---|---|
| Non-fiction | Bangladesh University of Business and Technology Library | Bangladesh University of Business and Technology Library | Law Stacks | 10/19/2023 | 29773 | 364/ P2127c/ 2023 | BUBTL-200329773 | 10/31/2023 | C-1 | 10/31/2023 | Books | |||||||
| Non-fiction | Bangladesh University of Business and Technology Library | Bangladesh University of Business and Technology Library | Law Stacks | 10/19/2023 | 29774 | 3 | 364/ P2127c/ 2023 | BUBTL-200329774 | 03/07/2024 | C-2 | 10/31/2023 | Books | 02/25/2024 | |||||
| Non-fiction | Bangladesh University of Business and Technology Library | Bangladesh University of Business and Technology Library | Law Stacks | 10/19/2023 | 29775 | 8 | 364/ P2127c/ 2023 | BUBTL-200329775 | 06/06/2024 | C-3 | 10/31/2023 | Books | 06/03/2024 | |||||
| Not For Loan | Non-fiction | Bangladesh University of Business and Technology Library | Bangladesh University of Business and Technology Library | Law Stacks | 10/19/2023 | 29776 | 364/ P2127c/ 2023 | BUBTL-200329776 | 10/31/2023 | C-4 | 10/31/2023 | Books | ||||||
| Non-fiction | Bangladesh University of Business and Technology Library | Bangladesh University of Business and Technology Library | Law Stacks | 10/19/2023 | 29777 | 4 | 364/ P2127c/ 2023 | BUBTL-200329777 | 06/06/2024 | C-5 | 10/31/2023 | Books | 05/29/2024 |
